| 000 | 00886cam a2200325 4500500 | ||
|---|---|---|---|
| 005 | 20260329002809.0 | ||
| 041 | _afre | ||
| 042 | _adc | ||
| 100 | 1 | 0 |
_aLegros, Martin _eauthor |
| 245 | 0 | 0 | _aMatière à penser/Novembre 2013 |
| 260 | _c2013. | ||
| 500 | _a59 | ||
| 690 | _aAfghanistan | ||
| 690 | _aAlphabétisation | ||
| 690 | _aChangement climatique | ||
| 690 | _aCigarette | ||
| 690 | _aCinéma | ||
| 690 | _aConservation | ||
| 690 | _aÉcologie | ||
| 690 | _aÉlisabeth Badinter | ||
| 690 | _aEspace | ||
| 690 | _aFredric Jameson | ||
| 690 | _aMartin Legros | ||
| 690 | _aMort | ||
| 690 | _apharmakon | ||
| 690 | _aPhotographie | ||
| 690 | _aréfugiés | ||
| 786 | 0 | _nPhilosophie magazine | 74 | 11 | 2013-11-01 | p. 5-6 | 1951-1787 | |
| 856 | 4 | 1 | _uhttps://shs.cairn.info/magazine-philosophie-magazine-2013-11-page-5?lang=fr&redirect-ssocas=7080 |
| 999 |
_c1818470 _d1818470 |
||